| 000 | 00735nam a2200217 i 4500 | ||
|---|---|---|---|
| 001 | 69162 | ||
| 003 | ES-MaACL | ||
| 005 | 20250815153437.0 | ||
| 007 | t| | ||
| 008 | 040915s1971 sp ||||1| spa d | ||
| 080 | _a7.031.1(4) | ||
| 100 | 0 |
_aGómez-Tabanera, José Manuel, _d1926-2011 _958165 |
|
| 245 | 1 | 0 |
_aSimbolismo y ritual en el arte rupestre paleolítico de la isoida caucasoide / _cJ. Manuel Gómez-Tabanera. |
| 260 |
_aSalamanca : _bZephyrus, _c1971. |
||
| 300 |
_ap. [73]-87 ; _c24 cm. |
||
| 500 | _aSeparata de: Zephyrus, volúmenes XXI-XXII, 1970-1971. | ||
| 650 | 7 |
_aPintura rupestre _2embne _9163752 |
|
| 852 |
_aES-MaACL _j2179-F-6 _bR.134119 |
||
| 852 |
_aES-MaACL _j2084-F-38 _9R.89161 |
||
| 999 |
_c69162 _d69162 |
||